Teams Promoted/Relegated the Most - Top 5 Leagues Since 2000 - Statistics

General Stats
  • This quiz has been taken 235 times
  • The average score is 7 of 20
Answer Stats
Prom./Releg. Current League/Division Answer % Correct
10 EFL Championship Norwich City
68%
9 Premier League Burnley
62%
7 EFL Championship Leicester City
51%
12 Bundesliga FC Köln
50%
7 Premier League Fulham FC
45%
10 EFL Championship West Bromwich Albion
42%
11 Segunda Division Real Valladolid
40%
13 Ligue 1 FC Metz
37%
7 EFL Championship Watford
32%
8 2. Bundesliga FC Nürnberg
29%
10 Serie A Lecce
29%
7 Serie B Venezia
29%
7 Ligue 1 Lorient
25%
9 La Liga Levante
24%
10 Serie B Empoli
21%
7 2. Bundesliga Vfl Bochum
21%
7 Serie A Atalanta
19%
8 2. Bundesliga Arminia Bielefeld
18%
8 Championnat National (Div. 3) SM Caen
16%
11 Ligue 2 Troyes
13%
No matching quizzes found
Score Distribution
Percent of People with Each Score
Percentile by Number Answered
Your Score History
You have not taken this quiz